00343nam a2200145Ia 4500008004100000084001300041100001900054245002800073250002000101260000900121260000900130260001100139300001200150500003500162180424s9999 xx 000 0 und d a523.4 S1 a"Starnadct, A" 0aGirakangalukku Prayanam a\\197000TAMGPSX aNCBH b1970 cMadras avi+232p aincludes index and biblioraphy